| 000 | 01430nam a2200325 c 4500 | ||
|---|---|---|---|
| 999 |
_c163206 _d163206 |
||
| 003 | BLK | ||
| 005 | 20220323154207.0 | ||
| 008 | 180410b bul|||||r ||||||| ||bul|| | ||
| 010 | _aKNG00170611000 | ||
| 040 | _aBLK | ||
| 041 |
_aBUL _cBUL |
||
| 080 |
_aБългарска литература _b821.163.2 _x-32 _z821.163.2-32 |
||
| 100 | 1 |
_aВазов, Иван Минчов _eпърви автор _9363396 |
|
| 139 |
_aВазов, Иван Минчов _bВ 15 |
||
| 245 | 1 | 0 |
_aСамо ти, солдатино чудесни _bСтихове и разкази _cИван Минчов Вазов; състав. Христо Йорданов; предг. от Здравко Петров. |
| 257 | _aBGR | ||
| 260 |
_aСофия _bВоен. изд. _c1981 _fСофия : Воен. изд. |
||
| 300 |
_a284 с. _c21 см |
||
| 380 | _aX | ||
| 490 | 1 | _aДълг | |
| 490 | 1 |
_aВоенно-литературно наследство _v1 |
|
| 500 | _a8 130 тир. | ||
| 700 | 1 |
_aЙорданов, Христо _eсъстав. _gХристов, Христо Йорданов _9381921 |
|
| 700 | 1 |
_aПетров, Здравко _eпредг. от _gЖелев, Здравко Петров _9367839 |
|
| 852 | _aЦб 111969 | ||
| 856 | 4 | _qpdf | |
| 856 | 4 | _qpdf | |
| 942 |
_cKNG _n0 _s1 |
||
| 944 |
_aCR _c31.01.2015 _l31.01.2015 - от С1,Р / 31.01.2015 _kПавлина_Енева |
||
| 944 |
_aED _c31.01.2015 _l31.01.2015 - от С1,Р / 31.01.2015 |
||
| 999 | _d163206 | ||